| 000 | 00352nam a22001337a 4500 | ||
|---|---|---|---|
| 003 | URS | ||
| 005 | 20220114171948.0 | ||
| 008 | 180709b xxu||||| |||| 00| 0 eng d | ||
| 020 | _a9781305660861 | ||
| 050 | 1 | 4 |
_aHF 5726 _bL44 2017 |
| 100 | 1 |
_aLehman, Carol, _d2017- _eauthor |
|
| 245 | 1 | 0 |
_aBcom8 : _bbusiness communication / _cCarol Lehman. |
| 942 |
_2lcc _cFR |
||
| 999 |
_c15298 _d15298 |
||